[Event "Hoogeveen op 25th"]
[Site "Hoogeveen"]
[Date "2022.10.18"]
[Round "4"]
[White "Klaren, Oscar"]
[Black "Beerdsen, Thomas"]
[Result "0-1"]
[WhiteElo "2003"]
[BlackElo "2521"]
[PlyCount "126"]
[EventDate "2022.10.15"]
[EventType "swiss"]
[EventRounds "9"]
[EventCountry "NED"]
[SourceTitle "CBM 210 Extra"]
[Source "ChessBase"]
[SourceDate "2022.11.30"]
[SourceVersion "1"]
[SourceVersionDate "2022.11.30"]
[SourceQuality "1"]

1. e4 c5 2. Nf3 d6 3. Bb5+ Nd7 4. c3 Ngf6 5. Qe2 a6 6. Ba4 b5 7. Bc2 Bb7 8. 0-0 g6 9. d4 Bg7 10. Rd1 cxd4 11. cxd4 0-0 12. Nbd2 Qc7 13. Nf1 Rac8 14. Bd3 e5 15. dxe5 dxe5 16. Bd2 Nc5 17. Rac1 Qb8 18. Rxc5 Rxc5 19. Bb4 Qc7 20. Bxc5 Qxc5 21. N1d2 Qb4 22. Rb1 Rd8 23. a3 Qd6 24. Bc2 Nd7 25. Rd1 Qc7 26. Nb3 Rc8 27. Bb1 Nf8 28. h3 Ne6 29. Qe3 Bf8 30. Ba2 Qc2 31. Rd2 Qxe4 32. Qxe4 Bxe4 33. Nxe5 Bg7 34. Ng4 h5 35. Ne3 Bh6 36. Rd7 Bg7 37. Rd2 Nf4 38. f3 Ba8 39. Kf2 Bh6 40. Rd7 Bc6 41. Rd6 Re8 42. Na5 Ba8 43. Rd7 Nxh3+ 44. gxh3 Bxe3+ 45. Kg2 Rf8 46. Nb7 Bxb7 47. Rxb7 Kg7 48. Re7 Bd4 49. Rb7 Kh6 50. a4 Re8 51. axb5 Re2+ 52. Kf1 Rxb2 53. Bc4 axb5 54. Rxb5 Rf2+ 55. Ke1 Rxf3 56. Bf1 f6 57. Rd5 Be5 58. Ke2 Rf4 59. Bg2 Kg5 60. Rd3 Kh4 61. Bd5 g5 62. Be6 Bd4 63. Bd7 g4 0-1

[Event "NED-ch U16"]
[Site "Almelo"]
[Date "2022.05.06"]
[Round "6"]
[White "Achuthan, Dylan"]
[Black "Klaren, Oscar"]
[Result "1/2-1/2"]
[WhiteElo "1995"]
[BlackElo "1878"]
[PlyCount "96"]
[EventDate "2022.05.01"]
[EventType "swiss"]
[EventRounds "9"]
[EventCountry "NED"]
[SourceTitle "EXT 2023"]
[Source "ChessBase"]
[SourceDate "2022.10.05"]
[SourceVersion "1"]
[SourceVersionDate "2022.10.05"]
[SourceQuality "1"]

1. e4 c5 2. Nf3 Nc6 3. c3 Nf6 4. e5 Nd5 5. Bb5 g6 6. 0-0 Bg7 7. Re1 0-0 8. d4 cxd4 9. cxd4 d6 10. Nc3 Nxc3 11. bxc3 dxe5 12. Bxc6 bxc6 13. Nxe5 Be6 14. Ba3 Qc7 15. Qa4 Rac8 16. Bc5 Rfd8 17. Nd3 Rd5 18. Qxa7 Qxa7 19. Bxa7 Ra5 20. Bc5 Rxa2 21. Rxa2 Bxa2 22. Rxe7 Bc4 23. Nb4 Bf6 24. Nxc6 Bb5 25. Na7 Rxc5 26. dxc5 Bxe7 27. Nxb5 Bxc5 28. Kf1 Kf8 29. Nd4 Ke7 30. Ke2 Kd6 31. Kd3 Kd5 32. f3 h5 33. Ne2 Bd6 34. g3 g5 35. c4+ Ke5 36. Nc3 f5 37. Ne2 Bc5 38. Kd2 Bb6 39. Kd3 Bc5 40. f4+ Kf6 41. Kc3 g4 42. Kb3 Ke6 43. Ka4 Kd6 44. Kb5 Be3 45. c5+ Bxc5 46. Kc4 Kc6 47. Nd4+ Bxd4 48. Kxd4 Kd6 1/2-1/2

[Event "NED-ch U16 op"]
[Site "Borne"]
[Date "2019.08.10"]
[Round "9"]
[White "Klaren, Oscar"]
[Black "De Putter, Nina"]
[Result "1-0"]
[WhiteElo "1761"]
[BlackElo "1631"]
[PlyCount "87"]
[EventDate "2019.08.05"]
[EventType "swiss"]
[EventRounds "9"]
[EventCountry "NED"]
[SourceTitle "EXT 2020"]
[Source "ChessBase"]
[SourceDate "2019.10.17"]
[SourceVersion "1"]
[SourceVersionDate "2019.10.17"]
[SourceQuality "1"]

1. e4 d5 2. exd5 Nf6 3. d4 Nxd5 4. Nf3 g6 5. c4 Nb6 6. Nc3 Bg7 7. Be3 0-0 8. Be2 Nc6 9. h3 e5 10. d5 Ne7 11. 0-0 Nf5 12. Rc1 Re8 13. Qd2 Bd7 14. Rfd1 Nxe3 15. Qxe3 f5 16. c5 f4 17. Qd2 Na4 18. Nxa4 Bxa4 19. b3 Bd7 20. Bc4 Kh8 21. Ne1 Qg5 22. Nf3 Qh5 23. Ne1 Bh6 24. f3 Qg5 25. Kh1 Qg3 26. Bd3 Rad8 27. Be4 Bc8 28. Rc2 Bf8 29. Qc3 Qg5 30. b4 a6 31. Rcd2 Qf6 32. Nc2 h5 33. Qd3 Kg7 34. Qf1 g5 35. Na3 g4 36. Nc4 Qh4 37. Qg1 Kh8 38. d6 cxd6 39. Nxd6 Bxd6 40. Rxd6 Rxd6 41. Rxd6 gxh3 42. Rh6+ Kg7 43. gxh3+ Qg3 44. Rg6+ 1-0

[Event "NED-ch U16 op"]
[Site "Borne"]
[Date "2019.08.09"]
[Round "8"]
[White "Baselmans, Daan"]
[Black "Klaren, Oscar"]
[Result "1/2-1/2"]
[WhiteElo "1720"]
[BlackElo "1761"]
[PlyCount "61"]
[EventDate "2019.08.05"]
[EventType "swiss"]
[EventRounds "9"]
[EventCountry "NED"]
[SourceTitle "EXT 2020"]
[Source "ChessBase"]
[SourceDate "2019.10.17"]
[SourceVersion "1"]
[SourceVersionDate "2019.10.17"]
[SourceQuality "1"]

1. e4 c5 2. Nf3 Nc6 3. d4 cxd4 4. Nxd4 Nf6 5. Nc3 e5 6. Ndb5 d6 7. Nd5 Nxd5 8. exd5 Ne7 9. c4 Ng6 10. b4 a6 11. Nc3 Be7 12. Bd3 0-0 13. 0-0 f5 14. Qb3 Kh8 15. f3 Bd7 16. Be3 Rc8 17. Rfc1 Bg5 18. Bxg5 Qxg5 19. Nd1 Nh4 20. Bf1 e4 21. fxe4 fxe4 22. Qg3 Qh6 23. Qe3 Rf4 24. Qb6 Rg4 25. Kh1 Nf5 26. Nf2 Rh4 27. Nh3 Ne3 28. Rc3 Nxf1 29. Rxf1 Bxh3 30. gxh3 Rxh3 31. Qf2 1/2-1/2

[Event "NED-ch U16 op"]
[Site "Borne"]
[Date "2019.08.07"]
[Round "5"]
[White "Mainka, Alwin"]
[Black "Klaren, Oscar"]
[Result "1-0"]
[WhiteElo "1989"]
[BlackElo "1761"]
[PlyCount "81"]
[EventDate "2019.08.05"]
[EventType "swiss"]
[EventRounds "9"]
[EventCountry "NED"]
[SourceTitle "EXT 2020"]
[Source "ChessBase"]
[SourceDate "2019.10.17"]
[SourceVersion "1"]
[SourceVersionDate "2019.10.17"]
[SourceQuality "1"]

1. e4 c5 2. Nf3 Nc6 3. d4 cxd4 4. Nxd4 Nf6 5. Nc3 e5 6. Ndb5 d6 7. Bg5 a6 8. Na3 b5 9. Nd5 Be7 10. Bxf6 Bxf6 11. Be2 0-0 12. 0-0 Bg5 13. c3 Be6 14. Bf3 Ne7 15. Nxe7+ Qxe7 16. Nc2 Rad8 17. Re1 Qd7 18. Ne3 Bxe3 19. Rxe3 Kh8 20. a4 f5 21. exf5 Bxf5 22. axb5 axb5 23. Bd5 Be6 24. Bxe6 Qxe6 25. Qd3 Qb3 26. Rh3 h6 27. Ra7 Rf6 28. Qd2 Rdf8 29. Re7 Kg8 30. Rg3 R6f7 31. Rxf7 Rxf7 32. Rd3 Ra7 33. h3 Ra2 34. Rxd6 Rxb2 35. Rd8+ Kf7 36. Qd7+ Kg6 37. Qg4+ Kf6 38. Rd6+ Ke7 39. Qd7+ Kf8 40. Rc6 Kg8 41. Qe8+ 1-0

[Event "NED-ch U16 op"]
[Site "Borne"]
[Date "2019.08.06"]
[Round "3"]
[White "Klein, Lucas1111"]
[Black "Klaren, Oscar"]
[Result "0-1"]
[WhiteElo "1481"]
[BlackElo "1761"]
[PlyCount "60"]
[EventDate "2019.08.05"]
[EventType "swiss"]
[EventRounds "9"]
[EventCountry "NED"]
[SourceTitle "EXT 2020"]
[Source "ChessBase"]
[SourceDate "2019.10.17"]
[SourceVersion "1"]
[SourceVersionDate "2019.10.17"]
[SourceQuality "1"]

1. d4 Nf6 2. c4 e6 3. Nc3 c5 4. d5 exd5 5. cxd5 d6 6. Nf3 g6 7. Nd2 Nbd7 8. Nc4 Nb6 9. e4 Nxc4 10. Qa4+ Bd7 11. Qxc4 Bg7 12. Be2 0-0 13. 0-0 a6 14. a4 Qe7 15. f3 b5 16. Qd3 b4 17. Nd1 Nh5 18. Nf2 f5 19. exf5 Bxf5 20. Ne4 Rfe8 21. Ra2 Be5 22. g3 Bxg3 23. hxg3 Nxg3 24. Re1 Nxe4 25. fxe4 Bxe4 26. Qg3 Bxd5 27. b3 Qe5 28. Bf4 Qd4+ 29. Kf1 Rf8 30. Rd1 Qxf4+ 0-1

[Event "NED-ch U16 op"]
[Site "Borne"]
[Date "2019.08.05"]
[Round "1"]
[White "Visser, Barto"]
[Black "Klaren, Oscar"]
[Result "0-1"]
[WhiteElo "1389"]
[BlackElo "1761"]
[PlyCount "48"]
[EventDate "2019.08.05"]
[EventType "swiss"]
[EventRounds "9"]
[EventCountry "NED"]
[SourceTitle "EXT 2020"]
[Source "ChessBase"]
[SourceDate "2019.10.17"]
[SourceVersion "1"]
[SourceVersionDate "2019.10.17"]
[SourceQuality "1"]

1. e4 c5 2. Nc3 Nc6 3. f4 e6 4. Bc4 Nge7 5. Nf3 g6 6. 0-0 Bg7 7. d3 0-0 8. Qe1 Nd4 9. Bb3 a6 10. a4 d5 11. Qh4 c4 12. dxc4 dxc4 13. Bxc4 Nxf3+ 14. Rxf3 f5 15. Rd3 Qc7 16. Bb3 fxe4 17. Nxe4 Nf5 18. Qh3 h6 19. Qg4 Nd4 20. Be3 Nxb3 21. cxb3 e5 22. Qxg6 Bf5 23. Rc1 Qxc1+ 24. Bxc1 Bxg6 0-1